|
|
|
|
| LEADER |
00000cam a2200000 i 4500 |
| 001 |
1/103461 |
| 008 |
950516s1981 gr | ||| |||| ||gre|| |
| 035 |
|
|
|l 10012897
|
| 040 |
|
|
|a GR-MyUA
|b gre
|e AACR2
|
| 041 |
1 |
|
|a gre
|h eng
|
| 082 |
0 |
|
|a 304.2
|
| 100 |
1 |
|
|a Croall, Stephen.
|
| 245 |
1 |
2 |
|a Η οικολογία για αρχάριους /
|c Stephen Croall ; εικονογράφηση William Rankin ; μετάφραση Μαρία Γραικού- Γιάννης Αβραμίδης.
|
| 260 |
|
|
|a Θεσσαλονίκη :
|b Επιλογή,
|c 1981.
|
| 300 |
|
|
|a 171 σ. :
|b εικ. ;
|
| 650 |
0 |
0 |
|a Human ecology.
|
| 650 |
0 |
0 |
|a Nature
|x Effect of human beings on.
|
| 650 |
0 |
0 |
|a Ecology.
|
| 700 |
1 |
|
|a Rankin, William,
|e ill
|
| 700 |
1 |
|
|a Γραικού, Μαρία,
|e trlf
|
| 700 |
1 |
|
|a Αβραμίδης, Γιάννης,
|e trl
|
| 765 |
0 |
8 |
|i Μετάφραση του:
|t Ecology for beginners /
|
| 852 |
|
|
|a INST
|b LESVOS
|e 19950516
|h 304.2 CRO
|p 005100000765
|q 005100000765
|t BK
|y 0
|
| 909 |
|
|
|a Λ
|b 013732
|